000 00481nam a2200193Ia 4500
008 220531s9999 xx 000 0 und d
041 _aeng
082 _bSHA / BHA
100 _aShakespeare, W. / Bhatia, P.
_963178
245 _aMerchant Of Venice
250 _a1ST
260 _aNew Delhi
_bUBSBD
_c1978
300 _a315
542 _d31-07-2014
551 _aEnglish
_bGrantable-ENG
650 _aEnglish
_963179
906 _d2014-2015
_f769
999 _c35903
_d35903